LEADER 01190nam a2200289 u 4500 001 000000031393 003 CaOOAMICUS 005 20070226112132.0 008 971002s1969 ne abf u000 u eng u 035 $a10771204 040 $aPUL(R)$bita 100 1 $aNeusner, Jacob,$d1932-$0(OLS)http://pul/name/19439 245 12$aA history of the Jews in Babylonia.$nI,$pThe parthian period /$cby Jacob Neusner .. 246 30$aParthian period 260 $aLeiden :$bE. J. Brill,$c1969. 300 $axxiii, 249 p., [2] c. di tav. :$bc. geogr.(pt. pieg.) ;$c24 cm 490 1 $aStudia post-biblica ;$v9 500 $aContiene indici. 504 $aBibliografia: p. [204]-226. 830 0$aStudia post-biblica ;$v9.$0(OLS)http://pul/title/19155 850 $aPUL 852 $aPUL$W1$xSL Religione 1$y3$m7(1) D 1$j43357$nBK-PRI$b $qStampati$B43357$CPULBib$Z2$F43357 $H $81 941 1 $a8 961 $aINV: 31 144 996 $6245$aA history of the Jews in Babylonia.$nI,$pThe parthian period$9(OLS)http://pul/title/43169 996 $6246$aParthian period$9(OLS)http://pul/title/43170 996 $6260$aLeiden :$bE. J. Brill$9(OLS)http://pul/publisher/48610 LEADER 01412nam a2200337 u 4500 001 000000044391 003 CaOOAMICUS 005 20070226114538.0 008 990426s1988 it u000 u ita u 020 $a8831124153 035 $a10821357 040 $aPUL(R)$bita 100 1 $aDi Nicola, Giulia Paola.$0(OLS)http://pul/name/23165 245 10$aUguaglianza e differenza :$bla reciprocità uomo-donna /$cGiulia Paola Di Nicola ; prefazione di Piersandro Vanzan S.I. 260 $aRoma :$bCittà Nuova,$cc1988. 300 $a253 p. ;$c20 cm 490 1 $aIdee 500 $aContiene indici. 504 $aBibliografia in nota. 650 4$aUomo (antropologia).$0(OLS)http://pul/subject/11830 650 4$aDonna e società.$0(OLS)http://pul/subject/19319 650 4$aUomo e società.$0(OLS)http://pul/subject/3058 700 1 $aVanzan, Piersandro,$cS.I.,$d1934-2011.$0(OLS)http://pul/name/30750 830 0$aIdee.$0(OLS)http://pul/title/622 850 $aPUL 852 $aPUL$W1$xDP1 Cons. Gen., Altre Classi 1$y22$m43 C 136$j59758$nBK-PRI$b $qStampati$B59758$CPULBib$Z2$F59758 $H $81 941 1 $a8 961 $aINV: 61029 996 $6020$a8831124153$9(OLS)http://pul/number/55332 996 $6245$aUguaglianza e differenza :$bla reciprocità uomo-donna$9(OLS)http://pul/title/59833 996 $6260$aRoma :$bCittà Nuova$9(OLS)http://pul/publisher/47927